[Event "Odorheiu zt"]
[Site "Odorheiu zt"]
[Date "1995.??.??"]
[Round "2"]
[White "Groszpeter, Attila"]
[Black "Almasi, Zoltan"]
[Result "1/2-1/2"]
[WhiteElo "2520"]
[BlackElo "2590"]
[PlyCount "26"]
[EventDate "1995.??.??"]
[Source "www.chesslib.no"]
[SourceDate "2004.05.04"]

1. e4 e5 2. Nf3 Nc6 3. Bb5 a6 4. Ke2 Nf6 5. Qf1 Be7 6. d3 Rb8 7. a3 Bc5 8. Bd2 d6 9. Qc1 Bb6 10. Qg1 Ke7 11. Ng5 Bh3 12. Nf3 Kf8 13. Ng5 Qc8 1/2-1/2

[Event "Haninge SWE"]
[Site "Haninge SWE"]
[Date "1990.??.??"]
[Round "?"]
[White "Sax, Gyula"]
[Black "Hector, Jonny"]
[Result "0-1"]
[WhiteElo "2605"]
[BlackElo "2465"]
[PlyCount "130"]
[EventDate "1990.??.??"]
[Source "www.chesslib.no"]
[SourceDate "2004.05.04"]

1. e4 e5 2. Nf3 Nc6 3. Bb5 Bb4 4. c3 Ba5 5. Na3 Bb6 6. Nc4 d6 7. d4 exd4 8. cxd4 d5 9. exd5 Qxd5 10. Qa4 a6 11. Nxb6 cxb6 12. Bc4 Qa5+ 13. Qxa5 Nxa5 14. Ne5 Be6 15. Bxe6 fxe6 16. Bd2 Nc6 17. Nc4 Rd8 18. Nxb6 Rxd4 19. O-O-O Nf6 20. Bc3 Rd8 21. Rxd8+ Kxd8 22. Re1 Re8 23. Na4 Nd7 24. b3 g6 25. Nb2 Nb6 26. Nd3 Nd5 27. Kb2 b6 28. Re4 Kd7 29. Rh4 Re7 30. Ra4 a5 31. Rc4 Re8 32. Bd2 Rf8 33. h3 Rf5 34. Rh4 h5 35. Rc4 Ne5 36. Nxe5+ Rxe5 37. Rc2 Re4 38. f3 Rd4 39. Bh6 Rd1 40. Rc1 Rd3 41. Rc2 Ne3 42. Re2 Nf5 43. Bg5 b5 44. Kc2 Rd5 45. Bf6 Kd6 46. f4 Nd4+ 47. Bxd4 Rxd4 48. g3 h4 49. Kc3 Rd1 50. gxh4 Rf1 51. Rd2+ Ke7 52. a3 Rf3+ 53. Kd4 Rxf4+ 54. Kc5 b4 55. axb4 Rxb4 56. Rg2 Kf6 57. Rf2+ Kg7 58. Re2 Rxb3 59. Rxe6 Kh6 60. Re4 Kh5 61. Ra4 Rxh3 62. Rxa5 Rh2 63. Kd4+ Kxh4 64. Ke3 g5 65. Ra4+ g4 0-1

[Event "Tel Aviv"]
[Site "Tel Aviv"]
[Date "1992.??.??"]
[Round "7"]
[White "Psakhis, Lev"]
[Black "Berkovich, Mark A"]
[Result "1/2-1/2"]
[WhiteElo "2605"]
[BlackElo "2455"]
[PlyCount "50"]
[EventDate "1992.04.??"]
[Source "ChessBase"]

1. e4 e5 2. Nf3 Nc6 3. Bb5 Bb4 4. c3 Ba5 5. Na3 Bb6 6. Nc4 Nf6 7. d4 Nxe4 8. Nxb6 axb6 9. dxe5 d5 10. exd6 Nxd6 11. Be2 Qf6 12. Bg5 Qg6 13. Bf4 O-O 14. O-O Rd8 15. Bd3 Qh5 16. Ng5 Qxd1 17. Rfxd1 h6 18. Ne4 Ne8 19. Bc4 Bf5 20. Ng3 Bc2 21. Re1 Ra4 22. b3 Raa8 23. h4 Kf8 24. Be2 Ra3 25. Nf1 Rda8 1/2-1/2

[Event "CSR-ch"]
[Site "Trencianske Teplice"]
[Date "1979.??.??"]
[Round "6"]
[White "Jansa, Vlastimil"]
[Black "Kholmov, Ratmir D"]
[Result "1/2-1/2"]
[WhiteElo "2495"]
[BlackElo "2550"]
[PlyCount "96"]
[EventDate "1979.11.??"]
[Source "ChessBase"]

1. e4 e5 2. Nf3 Nc6 3. Bb5 Bb4 4. O-O Nge7 5. c3 Ba5 6. Na3 O-O 7. Nc4 d5 8. Nxa5 Nxa5 9. Nxe5 dxe4 10. d4 f6 11. Ng4 c5 12. Ne3 a6 13. Be2 cxd4 14. Qxd4 Qxd4 15. cxd4 Be6 16. b3 Nac6 17. Bb2 Rfd8 18. Rfd1 Rac8 19. Bc4 Nd5 20. Rac1 Kf7 21. Re1 Ncb4 22. Nxd5 Bxd5 23. Ba3 Bxc4 24. Bxb4 Bd3 25. Bc3 Ke6 26. f3 Kd5 27. fxe4+ Bxe4 28. Bb2 Re8 29. Kf2 b6 30. g3 Bd3 31. Rxc8 Rxc8 32. Rc1 Rxc1 33. Bxc1 a5 34. Ke3 Bb1 35. a3 Bc2 36. b4 a4 37. b5 Kc4 38. Bd2 Kxb5 39. Bb4 Kc4 40. Bf8 g6 41. Be7 f5 42. h4 Be4 43. Bd8 b5 44. Be7 h6 45. Bc5 g5 46. hxg5 hxg5 47. g4 Kd5 48. gxf5 Bxf5 1/2-1/2

[Event "Reggio Emilia ITA"]
[Site "?"]
[Date "1996.??.??"]
[Round "9"]
[White "Bologan Viktor"]
[Black "Efimov Igor"]
[Result "1/2-1/2"]
[WhiteElo "2590"]
[BlackElo "2455"]
[PlyCount "25"]
[EventDate "1996.??.??"]
[Source "www.chesslib.no"]
[SourceDate "2004.05.04"]

1. e4 e5 2. Nf3 Nc6 3. Bb5 Qg5 4. Ba4 Nce7 5. Kf1 b5 6. Bb3 Qh4 7. Ke1 Ng6 8. c3 Nf4 9. h3 Bc5 10. d4 Bf8 11. Ng5 Ne2 12. Rh2 Bc5 13. Nf3 1/2-1/2

[Event "Titograd"]
[Site "Titograd"]
[Date "1984.??.??"]
[Round "?"]
[White "Marjanovic, Slavoljub"]
[Black "Velimirovic, Dragoljub"]
[Result "0-1"]
[WhiteElo "2525"]
[BlackElo "2500"]
[PlyCount "84"]
[EventDate "1984.12.??"]
[Source "ChessBase"]

1. e4 e5 2. Nf3 Nc6 3. Bb5 Bb4 4. c3 Ba5 5. a4 a6 6. Bc4 Nf6 7. b4 Bb6 8. d3 d6 9. h3 h6 10. Qb3 Qe7 11. Ba3 a5 12. b5 Nb8 13. Nbd2 Nbd7 14. Qc2 Bc5 15. Bb2 O-O 16. Ba2 Nh5 17. d4 Bb6 18. g3 Ndf6 19. O-O-O Be6 20. Bb1 c6 21. Ba3 Qc7 22. bxc6 bxc6 23. Nf1 Rfd8 24. Ne3 Rab8 25. c4 Ba7 26. Ba2 Nh7 27. Nf5 N5f6 28. g4 Bxf5 29. gxf5 exd4 30. Rhg1 Re8 31. Rde1 Nh5 32. Qd2 Kh8 33. Nxd4 Ng5 34. Rxg5 hxg5 35. Nf3 Bc5 36. Bb2 Qe7 37. e5 Bb4 38. Qd1 Bxe1 39. Nxe1 Rxb2 40. Qxh5+ Kg8 41. Nf3 Rxa2 42. Nxg5 Qb7 0-1

[Event "1. ch-SCG"]
[Site "?"]
[Date "2005.04.09"]
[Round "8"]
[White "Djukic Nikola"]
[Black "Markovic Miroslav"]
[Result "0-1"]
[WhiteElo "2509"]
[BlackElo "2509"]
[PlyCount "102"]
[EventDate "2005.??.??"]
[Source "www.chesslib.no"]
[SourceDate "2004.05.04"]

1. e4 e5 2. Nf3 Nc6 3. Bb5 Bb4 4. O-O Nge7 5. c3 Ba5 6. d4 exd4 7. cxd4 d5 8. Qa4 O-O 9. exd5 Qxd5 10. Nc3 Qh5 11. Bg5 Bxc3 12. bxc3 Bg4 13. Bxe7 Bxf3 14. Bxc6 Bxc6 15. Qd1 Qxd1 16. Rfxd1 Rfe8 17. Bg5 Bd5 18. Be3 b5 19. Rdb1 c6 20. a4 a6 21. Re1 f6 22. f3 a5 23. Bd2 Rxe1+ 24. Bxe1 Bc4 25. Bd2 Kf7 26. Kf2 Ke6 27. h4 h5 28. Re1+ Kd7 29. Ra1 Kd6 30. Re1 Be6 31. Bf4+ Kd5 32. c4+ bxc4 33. Bd2 Bf5 34. Re7 Kxd4 35. Rxg7 c3 36. Bf4 c2 37. Rf7 Be6 38. Rxf6 Bd5 39. g4 hxg4 40. fxg4 Re8 41. Bc1 Kd3 42. Kf1 Rb8 43. Kg1 Rb1 44. Rf1 Rxc1 45. Rxc1 Kd2 46. Ra1 c1=Q+ 47. Rxc1 Kxc1 48. h5 Bf3 49. h6 Be4 50. Kf2 Kd2 51. Kg3 Ke3 0-1

[Event "Debrecen"]
[Site "Debrecen"]
[Date "1989.??.??"]
[Round "?"]
[White "Kindermann, Stefan"]
[Black "Hector, Jonny"]
[Result "1-0"]
[WhiteElo "2515"]
[BlackElo "2485"]
[PlyCount "161"]
[EventDate "1989.06.??"]
[Source "ChessBase"]

1. e4 e5 2. Nf3 Nc6 3. Bb5 Bb4 4. O-O Nge7 5. c3 Ba5 6. Na3 O-O 7. Nc4 d5 8. Nxa5 Nxa5 9. d4 dxe4 10. Nxe5 f6 11. Ng4 Qd5 12. Ba4 Bxg4 13. Qxg4 f5 14. Qg3 Qc4 15. b3 Qa6 16. Qxc7 Nd5 17. Qc5 Rfd8 18. Bg5 b6 19. Qb5 Qb7 20. Bxd8 Rxd8 21. b4 a6 22. Qe2 Nxc3 23. Qd2 Nxa4 24. bxa5 b5 25. Rac1 Qd5 26. Rfd1 Rf8 27. Qc2 Kh8 28. Qc6 Qd8 29. Rc2 Qxa5 30. d5 b4 31. Qd6 Rd8 32. Qc7 Qxc7 33. Rxc7 Nc3 34. Rd2 f4 35. d6 Kg8 36. Ra7 e3 37. fxe3 fxe3 38. Rd3 e2 39. Kf2 Nxa2 40. Rxa6 Nc1 41. Re3 b3 42. Rb6 Rf8+ 43. Kg3 Rd8 44. Rb7 h6 45. d7 Kh7 46. Re7 Kg6 47. Rb6+ Kh7 48. Rb7 b2 49. Kf2 Kg6 50. Rb6+ Kh7 51. g3 Rf8+ 52. Kg2 Rd8 53. Rxb2 e1=Q 54. Rxe1 Nd3 55. Re8 Rxd7 56. Rbe2 Nb4 57. R8e7 Rd6 58. Rb7 Nd5 59. Ra2 h5 60. Raa7 Ne3+ 61. Kf3 Nf5 62. Kf4 Kg6 63. Ra2 Rf6 64. Ke5 h4 65. g4 Nd6 66. Rd7 Nf7+ 67. Kd5 Rf1 68. Ra6+ Kg5 69. Raa7 Kg6 70. Ke4 Ng5+ 71. Ke3 Rf3+ 72. Ke2 Rh3 73. Rxg7+ Kf6 74. Rg8 Rxh2+ 75. Kf1 Ne4 76. g5+ Kf5 77. Rf7+ Ke6 78. g6 h3 79. Re8+ Kd5 80. g7 Ng3+ 81. Ke1 1-0

[Event "Memorial M.Najdorf (open)"]
[Site "Grodzisk Mazowiecki (Poland)"]
[Date "2007.07.27"]
[Round "8"]
[White "Czarnota Pawel (POL)"]
[Black "Kuzmicz Krystian (POL)"]
[Result "1/2-1/2"]
[WhiteElo "2575"]
[BlackElo "2418"]
[PlyCount "66"]
[EventDate "2007.??.??"]
[Source "www.chesslib.no"]
[SourceDate "2004.05.04"]

1. e4 e5 2. Nf3 Nc6 3. Bb5 Bb4 4. O-O Nge7 5. c3 Ba5 6. Na3 Bb6 7. Nc4 d6 8. d4 exd4 9. Nxb6 axb6 10. Nxd4 O-O 11. Re1 Nxd4 12. Qxd4 Nc6 13. Qd1 Be6 14. a3 Na5 15. Bf4 Qf6 16. Bg3 Bb3 17. Qe2 Qe6 18. e5 dxe5 19. Bxe5 Bc4 20. Bxc4 Qxc4 21. b4 Qxe2 22. Rxe2 Nb3 23. Rb1 Rfe8 24. Ree1 Nd2 25. Rbd1 f6 26. Rxd2 Rxa3 27. f4 fxe5 28. fxe5 Rxc3 29. Rd7 Rc6 30. Rf1 Rf8 31. Re1 Re8 32. Rf1 Rf8 33. Re1 Re8 1/2-1/2

[Event "Hanninge"]
[Site "Hanninge"]
[Date "1990.??.??"]
[Round "?"]
[White "Hellers, Ferdinand"]
[Black "Hector, Jonny"]
[Result "1-0"]
[WhiteElo "2525"]
[BlackElo "2465"]
[PlyCount "71"]
[EventDate "1990.??.??"]
[Source "www.chesslib.no"]
[SourceDate "2004.05.04"]

1. e4 e5 2. Nf3 Nc6 3. Bb5 Bb4 4. c3 Ba5 5. Na3 Bb6 6. Nc4 d6 7. O-O Nge7 8. a4 O-O 9. d3 d5 10. exd5 Qxd5 11. Re1 Bg4 12. h3 Bxf3 13. Qxf3 Qxf3 14. gxf3 f6 15. a5 Bc5 16. b4 Bxb4 17. Bxc6 Bxc3 18. Bxb7 Rab8 19. a6 Rfd8 20. Be3 Bxe1 21. Rxe1 Rxd3 22. Bxa7 Rbd8 23. Bc5 Nc8 24. Rb1 Kf7 25. Na5 Ke6 26. Nc6 Rh8 27. Bxc8+ Rxc8 28. a7 Ra8 29. Rb8 Rxa7 30. Nd8+ Kd7 31. Bxa7 Ra3 32. Be3 c6 33. Nf7 Ke6 34. Rb7 Ra8 35. Ng5+ fxg5 36. Rxg7 1-0

[Event "JUG-ch"]
[Site "Tivat"]
[Date "1994.??.??"]
[Round "4"]
[White "Barlov, Dragan"]
[Black "Velimirovic, Dragoljub"]
[Result "1-0"]
[WhiteElo "2500"]
[BlackElo "2490"]
[PlyCount "129"]
[EventDate "1994.03.??"]
[Source "ChessBase"]

1. e4 e5 2. Nf3 Nc6 3. Bb5 Bb4 4. c3 Ba5 5. Na3 Bb6 6. Nc4 Nf6 7. d3 d6 8. a4 a6 9. Nxb6 cxb6 10. Bc4 h6 11. h3 O-O 12. O-O Re8 13. Re1 Be6 14. Bxe6 Rxe6 15. Nh4 d5 16. Qf3 Ne7 17. Be3 Qc7 18. Nf5 dxe4 19. dxe4 Nxf5 20. exf5 Rd6 21. Qg3 Re8 22. Rad1 Rxd1 23. Rxd1 Qc6 24. Qh4 a5 25. Rd3 Kh7 26. Kh2 Re7 27. Rd8 e4 28. Rd4 Re5 29. g4 Nd5 30. Qg3 Re8 31. Bc1 f6 32. Bd2 Re5 33. Be3 b5 34. axb5 Qxb5 35. Bc1 Qf1 36. Qg1 Qe2 37. Rd2 Qb5 38. Rd4 Qc5 39. Qd1 e3 40. fxe3 Nxe3 41. Qd3 Qc7 42. Kg1 Qe7 43. Rd7 Qc5 44. Qd4 Qc6 45. Bxe3 Rxe3 46. Rxg7+ Kxg7 47. Qxe3 Qb5 48. Qe7+ Kg8 49. Qe6+ Kg7 50. Qe7+ Kg8 51. Qxf6 Qxb2 52. Qg6+ Kf8 53. Qxh6+ Kf7 54. Qg6+ Kf8 55. Qf6+ Kg8 56. Qd8+ Kf7 57. Qd5+ Kg7 58. Qxa5 Qc1+ 59. Kf2 Qd2+ 60. Kf3 Qd3+ 61. Kf4 Qd2+ 62. Ke4 Qg2+ 63. Kd4 Qd2+ 64. Kc4 Qe2+ 65. Kc5 1-0

[Event "Rilton Cup"]
[Site "Stockholm SWE"]
[Date "1990.??.??"]
[Round "5"]
[White "Rozentalis, Eduardas"]
[Black "Hector, Jonny"]
[Result "1/2-1/2"]
[WhiteElo "2520"]
[BlackElo "2465"]
[PlyCount "84"]
[EventDate "1990.12.??"]
[Source "www.chesslib.no"]
[SourceDate "2004.05.04"]

1. e4 e5 2. Nf3 Nc6 3. Bb5 Bb4 4. O-O Nge7 5. c3 Ba5 6. Na3 O-O 7. Nc4 d5 8. Nxa5 Nxa5 9. d3 f6 10. Ba4 Bd7 11. Bc2 dxe4 12. dxe4 Bb5 13. Re1 Qxd1 14. Bxd1 c5 15. b4 cxb4 16. cxb4 Nc4 17. a4 Be8 18. Nd2 Bf7 19. Nxc4 Bxc4 20. b5 a6 21. Ba3 Rfe8 22. b6 Nc6 23. Rc1 Be6 24. Be2 Nd4 25. Bf1 Bb3 26. Rc7 Bxa4 27. Rxb7 Nc2 28. Rc1 Nxa3 29. Rcc7 Bb3 30. Rc3 Nc4 31. Bxc4+ Bxc4 32. Rxc4 Rab8 33. Ra7 Rxb6 34. h4 Kh8 35. g4 Rbb8 36. Rxa6 Rbc8 37. Rca4 h6 38. g5 hxg5 39. hxg5 fxg5 40. Rg6 Ra8 41. Rxa8 Rxa8 42. Rxg5 Re8 1/2-1/2

[Event "Geneve Open"]
[Site "Geneva SUI"]
[Date "1990.??.??"]
[Round "?"]
[White "Smagin, Sergey B"]
[Black "Hector, Jonny"]
[Result "1-0"]
[WhiteElo "2520"]
[BlackElo "2465"]
[PlyCount "45"]
[EventDate "1990.??.??"]
[Source "www.chesslib.no"]
[SourceDate "2004.05.04"]

1. e4 e5 2. Nf3 Nc6 3. Bb5 Bb4 4. c3 Ba5 5. Na3 Bb6 6. Nc4 d6 7. O-O Nge7 8. a4 Be6 9. d4 exd4 10. cxd4 d5 11. exd5 Bxd5 12. a5 Bxc4 13. Bxc4 Nxa5 14. Rxa5 Bxa5 15. Ng5 Rf8 16. Qb3 Qd6 17. Qxb7 Rd8 18. Qb5+ Rd7 19. Qxa5 Qxd4 20. Qa2 Nc6 21. Be3 Qd6 22. Bb5 Rd8 23. Qa4 1-0

[Event "E0141, DESC"]
[Site "?"]
[Date "1999.??.??"]
[Round "?"]
[White "Wilhelmi, Marko"]
[Black "Muha, Ivo"]
[Result "1-0"]
[WhiteElo "2535"]
[BlackElo "2440"]
[PlyCount "40"]
[EventDate "1999.??.??"]
[Source "www.chesslib.no"]
[SourceDate "2004.05.04"]

1. e4 e5 2. Nf3 Nc6 3. Bb5 Qf6 4. d3 Nd4 5. Nxd4 exd4 6. O-O c6 7. Bc4 b5 8. Bb3 Qg6 9. a4 Bb7 10. Nd2 d5 11. exd5 cxd5 12. Re1+ Kd8 13. axb5 Nf6 14. Nf3 Bc5 15. Ne5 Qh5 16. Qxh5 Nxh5 17. Nxf7+ Kd7 18. Nxh8 Rxh8 19. Re5 Nf4 20. Bxf4 g6 1-0

[Event "Manila ol (Men)"]
[Site "Manila PHI"]
[Date "1992.??.??"]
[Round "?"]
[White "Lima, Darcy"]
[Black "Hector, Jonny"]
[Result "1/2-1/2"]
[WhiteElo "2440"]
[BlackElo "2535"]
[PlyCount "118"]
[EventDate "1992.06.??"]
[Source "www.chesslib.no"]
[SourceDate "2004.05.04"]

1. e4 e5 2. Nf3 Nc6 3. Bb5 Bb4 4. c3 Ba5 5. Na3 Bb6 6. Nc4 d6 7. d4 exd4 8. cxd4 d5 9. exd5 Qxd5 10. Qa4 Nge7 11. Nxb6 cxb6 12. O-O O-O 13. Re1 a6 14. Bc4 Qd6 15. Qa3 Qxa3 16. bxa3 b5 17. Bb3 Be6 18. Bxe6 fxe6 19. Rxe6 Nd5 20. Bd2 Rfe8 21. Rxe8+ Rxe8 22. Re1 Rxe1+ 23. Bxe1 Kf7 24. Kf1 Ke6 25. Bd2 Kf5 26. Ke2 Ke4 27. Ng5+ Kxd4 28. Ne6+ Kc4 29. Nxg7 Nc3+ 30. Ke3 Nxa2 31. f4 a5 32. f5 b4 33. axb4 axb4 34. Ne8 b3 35. Nd6+ Kd5 36. Nb5 Ne5 37. Bc3 Nc4+ 38. Kf4 b2 39. Bxb2 Nxb2 40. f6 Ke6 41. f7 Kxf7 42. Nd6+ Kg6 43. Nxb7 Nc3 44. g4 Nd3+ 45. Ke3 Nb4 46. h4 Ncd5+ 47. Kf3 Nf6 48. Nc5 Nbd5 49. Nd3 Nd7 50. Ke4 Nc3+ 51. Kd4 Nb5+ 52. Ke4 Kf7 53. g5 Nd6+ 54. Kd5 Nf5 55. h5 Ke7 56. Nf4 Ng3 57. h6 Nf8 58. g6 Nxg6 59. Nxg6+ Kf6 1/2-1/2

[Event "Peer Gynt"]
[Site "Gausdal NOR"]
[Date "1990.??.??"]
[Round "4"]
[White "Kovalev, Andrei"]
[Black "Hector, Jonny"]
[Result "1/2-1/2"]
[WhiteElo "2500"]
[BlackElo "2465"]
[PlyCount "49"]
[EventDate "1990.07.??"]
[Source "www.chesslib.no"]
[SourceDate "2004.05.04"]

1. e4 e5 2. Nf3 Nc6 3. Bb5 Bb4 4. c3 Ba5 5. O-O Nge7 6. Na3 O-O 7. Nc4 d5 8. Nxa5 Nxa5 9. d4 dxe4 10. Nxe5 f6 11. b4 fxe5 12. bxa5 Qd5 13. Ba4 Qd6 14. Rb1 Qg6 15. Kh1 Nf5 16. dxe5 Nh4 17. Rg1 Bg4 18. Qd5+ Kh8 19. e6 Nf3 20. e7 Nxg1 21. exf8=R+ Rxf8 22. Ba3 Nh3 23. Bxf8 Nxf2+ 24. Kg1 Nh3+ 25. Kh1 1/2-1/2

[Event "Neu Isenburg Open"]
[Site "Neu Isenburg"]
[Date "1992.04.26"]
[Round "8"]
[White "Emms, John M"]
[Black "Hector, Jonny"]
[Result "0-1"]
[WhiteElo "2430"]
[BlackElo "2535"]
[PlyCount "56"]
[EventDate "1992.04.24"]
[Source "www.chesslib.no"]
[SourceDate "2004.05.04"]

1. e4 e5 2. Nf3 Nc6 3. Bb5 Bb4 4. c3 Ba5 5. Na3 Bb6 6. O-O Nf6 7. d4 Nxe4 8. Qe2 f5 9. dxe5 O-O 10. Nc4 Bc5 11. Ncd2 d5 12. exd6 Nxd6 13. Nb3 Bb6 14. Bf4 Re8 15. Qd3 Nxb5 16. Qxb5 a6 17. Qc4+ Be6 18. Qa4 Bd5 19. Bg5 Qd6 20. Qf4 Qxf4 21. Bxf4 Bxf3 22. gxf3 Re2 23. Rab1 h6 24. h4 Ne7 25. Nc1 Rc2 26. Nd3 Rd8 27. Rbd1 Ng6 28. Bg3 f4 0-1

[Event "Thessaloniki ol (Men)"]
[Site "Thessaloniki GRE"]
[Date "1988.??.??"]
[Round "6"]
[White "Sznapik, Aleksander"]
[Black "Klinger, Josef"]
[Result "1/2-1/2"]
[WhiteElo "2480"]
[BlackElo "2475"]
[PlyCount "71"]
[EventDate "1988.11.??"]
[Source "www.chesslib.no"]
[SourceDate "2004.05.04"]

1. e4 e5 2. Nf3 Nc6 3. Bb5 Bb4 4. O-O Nge7 5. c3 Ba5 6. d4 exd4 7. Nxd4 O-O 8. Bg5 f6 9. Be3 Nxd4 10. Bxd4 Kh8 11. Nd2 Bb6 12. Re1 Bxd4 13. cxd4 d5 14. exd5 Nxd5 15. Qf3 c6 16. Bc4 Nb6 17. Qe4 Nxc4 18. Nxc4 b5 19. Ne3 Qd6 20. Rad1 Bd7 21. d5 Rfe8 22. Qf3 cxd5 23. Qxd5 Qxd5 24. Rxd5 Bc6 25. Rc5 Rac8 26. Rec1 Bd7 27. Kf1 Kg8 28. Rc7 Kf8 29. R1c5 Be6 30. a3 Rxc7 31. Rxc7 Re7 32. Rc5 b4 33. axb4 Rb7 34. Nc2 Bb3 35. Rc8+ Kf7 36. Na1 1/2-1/2

[Event "Martinez Acosta B"]
[Site "Martinez Acosta B"]
[Date "1995.??.??"]
[Round "?"]
[White "Alvarez, Roberto Gabriel"]
[Black "Lubrano, Pietro"]
[Result "1-0"]
[WhiteElo "2555"]
[BlackElo "2380"]
[PlyCount "61"]
[EventDate "1995.??.??"]
[Source "www.chesslib.no"]
[SourceDate "2004.05.04"]

1. e4 e5 2. Nf3 Nc6 3. Bb5 a5 4. O-O Na7 5. Bc4 b5 6. Be2 d6 7. d4 Bg4 8. dxe5 Bxf3 9. gxf3 dxe5 10. Qxd8+ Kxd8 11. Rd1+ Bd6 12. f4 f6 13. Na3 Ke7 14. Nxb5 Nxb5 15. fxe5 fxe5 16. Bxb5 Nf6 17. Be3 Rab8 18. c4 Nxe4 19. Bc6 Nc5 20. Rd5 Ke6 21. Bxc5 Bxc5 22. Re1 Bb4 23. Rexe5+ Kf6 24. Rf5+ Kg6 25. Rg5+ Kh6 26. Rh5+ Kg6 27. Rdg5+ Kf6 28. Rf5+ Ke7 29. Re5+ Kd6 30. Ba4 c6 31. c5+ 1-0

[Event "Naestved Open"]
[Site "Naestved DEN"]
[Date "1988.??.??"]
[Round "8"]
[White "Hellers, Ferdinand"]
[Black "Hector, Jonny"]
[Result "1-0"]
[WhiteElo "2490"]
[BlackElo "2435"]
[PlyCount "67"]
[EventDate "1988.07.??"]
[Source "www.chesslib.no"]
[SourceDate "2004.05.04"]

1. e4 e5 2. Nf3 Nc6 3. Bb5 Bb4 4. O-O Nge7 5. c3 Ba5 6. Na3 O-O 7. Nc4 d5 8. Nxa5 Nxa5 9. d3 c6 10. Ba4 f6 11. h3 b5 12. Bc2 Be6 13. Be3 Qc7 14. b4 Nb7 15. a4 Rfd8 16. Qb1 Kh8 17. Rc1 a6 18. Bb3 f5 19. exd5 Bxd5 20. Bxd5 cxd5 21. Bg5 Rac8 22. Nxe5 Qxe5 23. Re1 Qxc3 24. Rxe7 Nd6 25. Bf4 Qf6 26. Qe1 Ne4 27. Re5 Nc3 28. axb5 Nxb5 29. Re6 Qd4 30. Raxa6 h6 31. Rxh6+ gxh6 32. Rxh6+ Kg7 33. Qe7+ Kg8 34. Rg6+ 1-0

[Event "Malmo"]
[Site "Malmo"]
[Date "1988.??.??"]
[Round "?"]
[White "Hellers, Ferdinand"]
[Black "Hector, Jonny"]
[Result "1-0"]
[WhiteElo "2490"]
[BlackElo "2435"]
[PlyCount "155"]
[EventDate "1988.12.??"]
[Source "ChessBase"]

1. e4 e5 2. Nf3 Nc6 3. Bb5 Bb4 4. c3 Ba5 5. Na3 Bb6 6. Nc4 d6 7. d4 exd4 8. a4 Be6 9. cxd4 d5 10. a5 dxe4 11. Nfe5 Bxc4 12. Nxc4 Bxd4 13. a6 Qf6 14. O-O Rd8 15. Qg4 Nge7 16. axb7 O-O 17. Qxe4 Rb8 18. Na5 Nxa5 19. Rxa5 Bb6 20. Ra3 Nf5 21. Rh3 g6 22. Bc6 Qe6 23. Qxe6 fxe6 24. Bd7 e5 25. Be6+ Kh8 26. Bd5 Rf6 27. b3 c6 28. Be4 Rxb7 29. Rd3 Bd4 30. Kh1 Rc7 31. f4 Nd6 32. Bf3 c5 33. fxe5 Bxe5 34. Re1 Bd4 35. b4 Nb5 36. Bh6 Rc8 37. Re7 Rf5 38. g4 Rxf3 39. Rxf3 cxb4 40. Ref7 Bc5 41. Bg7+ Kg8 42. Be5 Bf8 43. Rb7 a6 44. h4 Re8 45. Bf6 Nd6 46. Rxb4 Ne4 47. Rb7 Rc8 48. Bb2 Rd8 49. h5 Nc5 50. Rbf7 Rd1+ 51. Kg2 Rd2+ 52. Kf1 Rxb2 53. Rxf8+ Kg7 54. g5 Rb1+ 55. Kg2 Rb2+ 56. Kh3 gxh5 57. R3f7+ Kg6 58. Rf6+ Kg7 59. R8f7+ Kg8 60. Re7 Rb3+ 61. Kh4 Rb4+ 62. Kxh5 Ne4 63. Rf3 Nd6 64. Rf6 Ne4 65. Rf3 Nd6 66. Re6 Rd4 67. Rff6 Ne4 68. Rf4 Ng3+ 69. Kg4 Rxf4+ 70. Kxf4 Nh5+ 71. Kg4 Ng7 72. Rxa6 Kf7 73. Ra8 Kg6 74. Rf8 h5+ 75. Kh4 Kh7 76. Rf6 Kg8 77. g6 Ne8 78. Rc6 1-0

[Event "Moscow RUS"]
[Site "Moscow RUS"]
[Date "1995.??.??"]
[Round "4"]
[White "Galkin, Alexander"]
[Black "Balashov, Yuri S"]
[Result "1/2-1/2"]
[WhiteElo "2415"]
[BlackElo "2505"]
[PlyCount "26"]
[EventDate "1995.??.??"]
[Source "www.chesslib.no"]
[SourceDate "2004.05.04"]

1. e4 e5 2. Nf3 Nc6 3. Bb5 a6 4. Na3 d6 5. Bxa6 Nd4 6. c4 g5 7. Kf1 Bg7 8. Bxb7 Nc2 9. Nb5 f6 10. c5 Ne1 11. Qc2 Be6 12. a4 Bc8 13. Qd1 Rb8 1/2-1/2

[Event "AUT Team Ch"]
[Site "Austria"]
[Date "1994.??.??"]
[Round "?"]
[White "Stanec, Nikolaus"]
[Black "Klinger, Josef"]
[Result "1/2-1/2"]
[WhiteElo "2440"]
[BlackElo "2475"]
[PlyCount "34"]
[EventDate "1994.??.??"]
[Source "www.chesslib.no"]
[SourceDate "2004.05.04"]

1. e4 e5 2. Nf3 Nc6 3. Bb5 Bb4 4. O-O Nge7 5. c3 Ba5 6. d4 exd4 7. Nxd4 O-O 8. Na3 Nxd4 9. Qxd4 Bb6 10. Qd1 d5 11. exd5 Qxd5 12. Qxd5 Nxd5 13. Nc4 Bc5 14. Ne5 c6 15. Bc4 Be6 16. Bxd5 cxd5 17. Be3 Bxe3 1/2-1/2

[Event "Capablanca mem-B"]
[Site "Matanzas"]
[Date "1992.??.??"]
[Round "11"]
[White "Hernandez, Gilberto"]
[Black "Lugo, Blas"]
[Result "1/2-1/2"]
[WhiteElo "2495"]
[BlackElo "2415"]
[PlyCount "53"]
[EventDate "1992.05.??"]
[Source "ChessBase"]

1. e4 e5 2. Nf3 Nc6 3. Bb5 Bb4 4. c3 Ba5 5. O-O Nge7 6. d3 O-O 7. Nbd2 d6 8. Nc4 a6 9. Ba4 b5 10. Nxa5 Nxa5 11. Bc2 Bg4 12. h3 Bh5 13. b4 Nac6 14. a4 f6 15. Bb3+ Kh8 16. Be6 Bf7 17. Bxf7 Rxf7 18. Qb3 Rf8 19. Be3 Qd7 20. Rfd1 Rae8 21. c4 Qe6 22. Qc3 bxc4 23. dxc4 a5 24. b5 Nb4 25. c5 d5 26. Qb3 f5 27. exd5 1/2-1/2

[Event "Open"]
[Site "Malmoe op"]
[Date "1990.??.??"]
[Round "?"]
[White "Ernst, Thomas"]
[Black "Hector, Jonny"]
[Result "0-1"]
[WhiteElo "2440"]
[BlackElo "2465"]
[PlyCount "92"]
[EventDate "1990.??.??"]
[Source "www.chesslib.no"]
[SourceDate "2004.05.04"]

1. e4 e5 2. Nf3 Nc6 3. Bb5 Bb4 4. O-O Nge7 5. c3 Ba5 6. Bxc6 Nxc6 7. b4 Bb6 8. b5 Na5 9. Nxe5 O-O 10. d4 Qe8 11. Nd2 f5 12. exf5 d6 13. Nef3 Qxb5 14. g4 g6 15. Nb3 gxf5 16. Bh6 Re8 17. g5 Qe2 18. Qxe2 Rxe2 19. Rfe1 Rxe1+ 20. Rxe1 Kf7 21. h4 Bd7 22. Kh2 Re8 23. Rxe8 Bxe8 24. Kg3 Ke6 25. Ng1 Kd5 26. Ne2 Kc4 27. Nxa5+ Bxa5 28. Kf4 Kd3 29. Ng3 Bxc3 30. Bg7 c5 31. h5 c4 32. Kxf5 Bd7+ 33. Kf6 Bxd4+ 34. Kf7 Bxg7 35. Kxg7 c3 36. g6 hxg6 37. h6 c2 38. h7 c1=Q 39. h8=Q Qc3+ 40. Kh7 Qxh8+ 41. Kxh8 b5 42. Kg7 b4 43. Kxg6 Be6 44. f4 Bxa2 45. f5 b3 46. f6 b2 0-1

[Event "Liechtenstein Open"]
[Site "Liechtenstein"]
[Date "1988.??.??"]
[Round "?"]
[White "Klinger, Josef"]
[Black "Hector, Jonny"]
[Result "1-0"]
[WhiteElo "2505"]
[BlackElo "2400"]
[PlyCount "99"]
[EventDate "1988.05.??"]
[Source "www.chesslib.no"]
[SourceDate "2004.05.04"]

1. e4 e5 2. Nf3 Nc6 3. Bb5 Bb4 4. O-O Nge7 5. d4 exd4 6. Nxd4 O-O 7. Bg5 f6 8. Bf4 Ne5 9. Nb3 c6 10. a3 Ba5 11. Bxe5 fxe5 12. Bc4+ d5 13. Nxa5 Qxa5 14. exd5 cxd5 15. Bb3 Bd7 16. Re1 Rxf2 17. Rxe5 Qb6 18. Kh1 Qf6 19. Re1 Bg4 20. Qd3 Bf3 21. Rg1 Qf4 22. Nd2 Be2 23. Qg3 Qxg3 24. hxg3 Kh8 25. Rge1 Raf8 26. Kg1 g5 27. Nf3 Rxg2+ 28. Kxg2 Bxf3+ 29. Kh2 Nc6 30. Re6 Nd4 31. Re5 Rd8 32. Re3 Rd6 33. Re8+ Kg7 34. Rae1 Nxb3 35. cxb3 d4 36. R8e6 Rc6 37. Rxc6 bxc6 38. Kg1 d3 39. Re7+ Kf6 40. Rd7 Bd5 41. Kf2 Ke6 42. Rd8 Ke7 43. Rh8 Bxb3 44. Ke3 Bc2 45. Rxh7+ Ke6 46. Rxa7 Kf5 47. a4 Kg4 48. a5 Kxg3 49. a6 Kg2 50. Kd2 1-0